| 000 | 00637nam a22002537a 4500 | ||
|---|---|---|---|
| 003 | OSt | ||
| 005 | 20140310181722.0 | ||
| 008 | 130306t xxu||||| |||| 00| 0 eng d | ||
| 020 | _a9781876659639 | ||
| 050 |
_aHD 30.413 _b.H678 2007 |
||
| 082 |
_aIB 658.002 _2H65 2007 |
||
| 100 | _aHoang, Paul | ||
| 245 |
_aBusiness and management / _cPaul Hoang |
||
| 260 |
_aMelton, AU : _bIBID Press, _c2008. |
||
| 300 |
_c25 cm. _bill. _a750 p. : |
||
| 526 | _c1070L to 1220L | ||
| 650 |
_aBusiness _xManagement |
||
| 942 |
_2lcc _cBK |
||
| 999 |
_c2032 _d2032 |
||